00203nam a2200085Ia 4500008004100000100001700041245002900058260002100087260000900108170620s9999 xx 000 0 und d aMishra S. N. 0aLabour & Industrial Laws bCentral Law Pub. c2002